Loading...
HBR's 10 must reads on nonprofits and the social sectors /
Nonprofits and the social sectors are taking on an increasing share of the world's most vital work. Make sure your organization is ready for the challenge. If you read nothing else on nonprofits and the social sectors, read these 10 articles. We've combed through hundreds of Harvard Busine...
| Corporate Author: | |
|---|---|
| Format: | Printed Book |
| Language: | English |
| Published: |
Boston :
Harvard Business Review Press,
2019.
|
| Series: | HBR's 10 must reads (Series)
|
| Subjects: |
| LEADER | 02028cam a2200301 i 4500 | ||
|---|---|---|---|
| 008 | 181221s2019 mau 000 0 eng c | ||
| 999 | |c 344567 |d 344567 | ||
| 010 | |a 2018052901 | ||
| 020 | |a 9781633696907 | ||
| 042 | |a pcc | ||
| 082 | 0 | 0 | |a 658.048 |2 23 |
| 110 | |a Harvard Business Review | ||
| 245 | 0 | 0 | |a HBR's 10 must reads on nonprofits and the social sectors / |c Harvard Business Review |
| 260 | |a Boston : |b Harvard Business Review Press, |c 2019. | ||
| 300 | |a viii, 211 p. |c 21 cm | ||
| 490 | 1 | |a HBR's 10 must reads | |
| 520 | |a Nonprofits and the social sectors are taking on an increasing share of the world's most vital work. Make sure your organization is ready for the challenge. If you read nothing else on nonprofits and the social sectors, read these 10 articles. We've combed through hundreds of Harvard Business Review articles and selected the most important ones to help you align your organization from top to bottom, deliver impact now, and create lasting change. This book will inspire you to: - Choose the right problem to solve - Scale and increase impact - Work better with corporate partners - Get the most out of your board of directors - Use nonprofit status as a competitive advantage - Avoid burnout in your passionate employees - Understand why nonprofit organizations are different--and when they're not - Become an extraordinary force for good-- | ||
| 650 | 0 | |a Nonprofit organizations |x Management. | |
| 650 | 0 | |a Humanitarianism. | |
| 650 | 0 | |a Leadership. | |
| 942 | |c BK | ||
| 246 | 3 | |a HBR's ten must reads on nonprofits and the social sectors | |
| 246 | 3 | |a Harvard Business Review's 10 must reads on nonprofits and social sectors | |
| 246 | 3 | 0 | |a Nonprofits and the social sectors |
| 830 | 0 | |a HBR's 10 must reads (Series) | |
| 906 | |a 7 |b cbc |c orignew |d 1 |e ecip |f 20 |g y-gencatlg | ||
| 955 | |a MH |a xn16 2019-10-04 1 copy rec'd., to CIP ver. | ||
| 952 | |0 0 |1 0 |2 ddc |4 0 |6 658_048000000000000_HBR_N |7 0 |9 396320 |a CMS |b CMS |c ST1 |d 2019-11-08 |g 750.00 |i 13355 |l 0 |o 658.048 HBR/N |p CMS13355 |r 2019-11-08 |w 2019-11-08 |y BK | ||